Isle of Wight Council v Davies (Record no. 100397)

MARC details
000 -LEADER
fixed length control field 01573cam a2200193 4500
001 - CONTROL NUMBER
control field X105445
008 - FIXED-LENGTH DATA ELEMENTS--GENERAL INFORMATION
fixed length control field 000000n2000 000 0 eng u
035 ## - SYSTEM CONTROL NUMBER
System control number (Sirsi) u105445
245 ## - TITLE STATEMENT
Title Isle of Wight Council v Davies
260 ## - PUBLICATION, DISTRIBUTION, ETC.
Date of publication, distribution, etc. 2000
490 ## - SERIES STATEMENT
Series statement Planning Appeal Decisions
Volume/sequential designation 15 PAD 176-181(5)
520 ## - SUMMARY, ETC.
Summary, etc. T/APP/P2114/A/99/1019654/P7 Combined forestry/woodland and camping caravanning including temporary accommodation-10 ha. woodland site-forestry and woodland activitiies-Woodland Grant t Scheme-sight lines at entrance to site-tree felling and hedge planting on private land-not need planning permission-replacement structure plan and local plan-emerging unitary development plan-tourism-PPG7-effect on rurual character of area=whether need for temporay dwelling sufficient to outweigh poliictes against isolated residential development in contryside-other leisrue uses nearby-proposals would have no harmful effect on appearance of countyside-60-100 tent and caravan pitches- Site of Importance for Nature Conservation-portakabins-temporary residential accommodation for security of site-forestry operations in winter months-whether dwelling essential depends on needs of enterprise itself not on personal preferences or circumstances on individual -appellants' other plans-other planning decisions. (Headnote from journal article)
650 ## - SUBJECT ADDED ENTRY--TOPICAL TERM
Topical term or geographic name entry element ISLE OF WIGHT COUNCIL V DAVIES
650 ## - SUBJECT ADDED ENTRY--TOPICAL TERM
Topical term or geographic name entry element WOODLAND GRANT SCHEME
650 ## - SUBJECT ADDED ENTRY--TOPICAL TERM
Topical term or geographic name entry element PPG7
650 ## - SUBJECT ADDED ENTRY--TOPICAL TERM
Topical term or geographic name entry element NATURE CONSERVATION
690 ## - LOCAL SUBJECT ADDED ENTRY--TOPICAL TERM (OCLC, RLIN)
Topical term or geographic name as entry element ENVIRONMENTAL AND LAND CONSULTANCY-PLANNING AND DEVELOPMENT
942 ## - ADDED ENTRY ELEMENTS (KOHA)
Suppress in OPAC 0
Holdings
Withdrawn status Lost status Source of classification or shelving scheme Damaged status Not for loan Home library Current library Shelving location Date acquired Total Checkouts Full call number Barcode Date last seen Copy number Price effective from Koha item type
    Dewey Decimal Classification     London London Journal article 19/04/2000   X105445 105445-1001 06/08/2019 1 06/08/2019 Law report
    Dewey Decimal Classification     London London Journal article 19/04/2000   X105445 105445-1002 06/08/2019 2 06/08/2019 Law report